000
00286nam a2200121Ia 4500
008
190216s9999||||xx |||||||||||||| ||und||
100
_a
Antony
245
0
_a
Amma
260
_b
Sahithya Pravarthaka Sahakarana Sangam
_c
1980
300
_a
63p
650
_a
Malayalam Nadakam
942
_c
BK
999
_c
26135
_d
26135